000 00285nam a22001337a 4500
008 170323b xxu||||| |||| 00| 0 eng d
020 _a0070351120
041 _aeng
080 _a616.9
100 _a8
101 _ashm
245 _aMOLECULAR VIROLOGY
_cKNIGHT, C.A
942 _2udc
_cBK
999 _c8449
_d8449